Guess the song by first lines (rock/metal) - Statistics

General Stats
  • This quiz has been taken 466 times
  • The average score is 5 of 20
Answer Stats
Tekst Utwór | wykonawca % Correct
Do you have the time to listen to me whine
About nothing and everything all at once?
I am one of those melodramatic fools Neurotic to the bone, no doubt about it
Basket Case | Green Day
52%
Never made it as a wise man I couldn't cut it as a poor man stealing Tired of living like a blind man I'm sick of sight without a sense of feeling How You Remind Me | Nickelback
51%
We all came out to Montreux On the Lake Geneva shoreline
To make records with a mobile We didn't have much time
Smoke on the Water | Deep Purple
51%
Some folks are born made to wave the flag Ooh, they're red, white and blue And when the band plays "Hail to the chief" Ooh, they point the cannon at you, Lord Fortunate Son | Creedence Clearwater Revival
50%
Psychic spies from China try to steal your mind's elation And little girls from Sweden dream of silver screen quotation And if you want these kind of dreams it's .................. Californication | Red Hot Chili Peppers
48%
One thing, I don't know why It doesn't even matter how hard you try Keep that in mind, I designed this rhyme To explain in due time In the End | Linkin Park
43%
She eyes me like a Pisces when I am weak
I've been locked inside your ........................ for weeks
I've been drawn into your magnet tar pit trap
I wish I could eat your cancer when you turn black
Heart-Shaped Box | Nirvana
41%
I wish that I could fly
Into the sky
So very high
Just like a dragonfly
Fly Away | Lenny Kravitz
32%
So if you're lonely, you know I'm here waiting for you I'm just a cross-hair, I'm just a shot away from you And if you leave here, you leave me broken, shattered I lie I'm just a cross-hair, I'm just a shot, then we can die Take Me Out | Franz Ferdinand
31%
See me ride out of the sunset On your color TV screen Out for all that I can get If you know what I mean T.N.T. | AC/DC
24%
I push my fingers into my eyesIt's the only thing that slowly stops the ache
But it's made of all the things I have to take
Duality | Slipknot
22%
Lay where you're laying
Don't make a sound
I know they're watching
They're watching
Sex on Fire | Kings of Leon
16%
We're scanning the scene in the city tonight
We're looking for you to start up a fight
There is an evil feeling in our brains
But there's nothing new, you know it drives us insane
Seek & Destroy | Metallica
15%
Hello me... Meet the real me And my misfits way of life A dark black past is my Most valued possession Sweating Bullets | Megadeth
12%
When there's lightning, you know it always brings me down
'Cause it's free and I see that it's me
Who's lost and never found
Rainbow in the Dark | Dio
10%
Send away for a priceless giftOne not subtle, one not on the list
Send away for a perfect world One not simply, so absurd
45 | Shinedown
4%
Heartbreaker, soul shaker
I've been told about you
Steamroller, midnight shoulder
What they been sayin' must be true
Hair of the Dog | Nazareth
4%
Living in the night, 'neath heavens torn asunder You call on me to solve a crooked rhyme As I'm closing in imposing on your slumber You call on me as bells begin to chime Square Hammer | Ghost
4%
Just for the record, let's get the story straight
Me and ................. were fishin', it was gettin' pretty late
Out on a cypress limb above the wishin' well
Where they say it got no bottom, say it take you down to Hell
Uncle Tom's Cabin | Warrant
4%
There's 52 ways to murder anyone One and two are the same and they both work as well I'm coming clean for Amy Julie doesn't scream as well and the cops won't listen all night Saturday Night | Misfits
2%
No matching quizzes found
Score Distribution
Percent of People with Each Score
Percentile by Number Answered
Your Score History
You have not taken this quiz